Hư ảo một cuộc tình

সংরক্ষণ করুন:
গ্রন্থ-পঞ্জীর বিবরন
প্রধান লেখক: Quỳnh Giao
বিন্যাস: গ্রন্থ
ভাষা:Undetermined
প্রকাশিত: Hà Nội Phụ nữ 2004
বিষয়গুলি:
ট্যাগগুলো: ট্যাগ যুক্ত করুন
কোনো ট্যাগ নেই, প্রথমজন হিসাবে ট্যাগ করুন!
Thư viện lưu trữ: Trung tâm Học liệu Trường Đại học Cần Thơ
LEADER 00589nam a2200205Ia 4500
001 CTU_101582
008 210402s9999 xx 000 0 und d
020 |c 30000 
082 |a 895.13 
082 |b Qu609 
100 |a Quỳnh Giao 
245 0 |a Hư ảo một cuộc tình 
245 0 |c Quỳnh Giao, Liêu Quốc Nhĩ dịch 
260 |a Hà Nội 
260 |b Phụ nữ 
260 |c 2004 
650 |a chinese fiction ( vietnamese ),chinese literature 
650 |x 20th century 
904 |i Hiếu 
980 |a Trung tâm Học liệu Trường Đại học Cần Thơ